[Event "Ceske Budejovice op"]
[Site "Ceske Budejovice"]
[Date "2021.07.02"]
[Round "2"]
[White "Flajsman, Pavel"]
[Black "Dvorak, Milan"]
[Result "1-0"]
[WhiteElo "2184"]
[BlackElo "1841"]
[PlyCount "61"]
[EventDate "2021.07.01"]
[EventType "swiss"]
[EventRounds "9"]
[EventCountry "CZE"]
[SourceTitle "CBM 203 Extra"]
[Source "ChessBase"]
[SourceDate "2021.09.30"]
[SourceVersion "1"]
[SourceVersionDate "2021.09.30"]
[SourceQuality "1"]

1. d4 d5 2. Nf3 e6 3. c4 c6 4. Qc2 Nf6 5. g3 Be7 6. Bg2 0-0 7. 0-0 Nbd7 8. b3 Ne4 9. Bb2 f5 10. Nbd2 b6 11. cxd5 Nxd2 12. Nxd2 cxd5 13. Qc6 Rb8 14. Qxe6+ Kh8 15. Qxd5 Bb7 16. Qb5 a6 17. Qd3 Bxg2 18. Kxg2 b5 19. Nf3 Bf6 20. Rac1 Nb6 21. Qxf5 Bxd4 22. Qc2 Rc8 23. Qd2 Rxc1 24. Rxc1 Bxb2 25. Qxb2 Nd5 26. Qd4 Qa8 27. Kg1 Qb7 28. Qc5 Qf7 29. Ne5 Qf5 30. Qxd5 Qxf2+ 31. Kh1 1-0